<?xml version="1.0" encoding="UTF-8"?><?xml-stylesheet type="text/xsl" href="static/style.xsl"?><OAI-PMH xmlns="http://www.openarchives.org/OAI/2.0/" xmlns:xsi="http://www.w3.org/2001/XMLSchema-instance" xsi:schemaLocation="http://www.openarchives.org/OAI/2.0/ http://www.openarchives.org/OAI/2.0/OAI-PMH.xsd"><responseDate>2026-04-17T11:58:47Z</responseDate><request verb="GetRecord" identifier="oai:www.recercat.cat:10459.1/469655" metadataPrefix="marc">https://recercat.cat/oai/request</request><GetRecord><record><header><identifier>oai:recercat.cat:10459.1/469655</identifier><datestamp>2026-03-02T19:40:03Z</datestamp><setSpec>com_2072_3622</setSpec><setSpec>col_2072_479130</setSpec></header><metadata><record xmlns="http://www.loc.gov/MARC21/slim" xmlns:dcterms="http://purl.org/dc/terms/" xmlns:xsi="http://www.w3.org/2001/XMLSchema-instance" xmlns:doc="http://www.lyncode.com/xoai" xsi:schemaLocation="http://www.loc.gov/MARC21/slim http://www.loc.gov/standards/marcxml/schema/MARC21slim.xsd">
   <leader>00925njm 22002777a 4500</leader>
   <datafield ind2=" " ind1=" " tag="042">
      <subfield code="a">dc</subfield>
   </datafield>
   <datafield ind2=" " ind1=" " tag="720">
      <subfield code="a">Llobera Balcells, Mònica</subfield>
      <subfield code="e">author</subfield>
   </datafield>
   <datafield ind2=" " ind1=" " tag="260">
      <subfield code="c">2026-02-17T12:26:38Z</subfield>
   </datafield>
   <datafield ind2=" " ind1=" " tag="260">
      <subfield code="c">2026-02-17T12:26:38Z</subfield>
   </datafield>
   <datafield ind2=" " ind1=" " tag="260">
      <subfield code="c">2025-12-16</subfield>
   </datafield>
   <datafield ind2=" " ind1=" " tag="520">
      <subfield code="a">Les gestaciones dobles no desitjades en vaques de llet representen un problema reproductiu important, associat a avortaments i complicacions postpart, fet que fa imprescindible la seva prevenció per garantir la sostenibilitat de les explotaciones. Aquesta tesi va avaluar diferents estratègies per reduir-ne la incidència i millorar la fertilitat. En el primer estudi, el drenatge fol·licular combinat amb l'administració d'hCG va demostrar ser eficaç per induir l'ovulació, eliminar les gestaciones dobles i augmentar la probabilitat de gestació respecte al grup control, fins i tot en condiciones d'estrès tèrmic. El segon estudi va evidenciar que la transferència d'embrions produïts in vitro permet prevenir completament les gestaciones dobles en comparació amb la inseminació artificial. En el tercer estudi, l'ús d'hCG al final d'un protocol basat en progesterona va incrementar significativamente la taxa de gestació en vaques receptores d'embrions produïts in vitro en comparació amb GnRH. Finalment, el quart estudi va posar de manifest la relació entre la temperatura corporal, l'estrès per calor, la dinàmica fol·licular i la fertilitat, destacant el valor de les mesures tèrmiques com a indicadors reproductius.</subfield>
   </datafield>
   <datafield ind2=" " ind1=" " tag="520">
      <subfield code="a">Las gestaciones dobles no deseables en vacas lecheras constituyen un importante problema reproductivo, asociado a abortos y complicaciones posparto, por lo que su prevención es clave para la sostenibilidad de las explotaciones. Esta tesis evaluó diferentes estrategias para reducir su incidencia y mejorar la fertilidad. En el primer estudio, el drenaje folicular combinado con la administración de hCG resulto eficaz para inducir la ovulación, eliminar las gestaciones dobles y aumentar la probabilidad de gestación respecto al grupo control, incluso en condiciones de estrés térmico. El segundo estudio demostró que la transferencia de embriones producidos in vitro permitió prevenir completamente las gestaciones dobles en comparación con la inseminación artificial. En le tercer estudio, la aplicación de hCG al final de un protocolo basado en progesterona incremento significativamente la tasa de gestación en vacas receptoras de embriones frente a GnRH. Finalmente, el cuarto estudio evidenció la relación entre la temperatura corporal, el estrés por calor, la dinámica folicular y la fertilidad, destacando el valor de las mediciones térmicas como indicadores reproductivos.</subfield>
   </datafield>
   <datafield ind2=" " ind1=" " tag="520">
      <subfield code="a">Undesired twin pregnancies in dairy cows are associated with abortions and postpartum complications, making their prevention essential for herd sustainability. This thesis evaluated different strategies to prevent twin pregnancies and improve fertility. In the first study, follicular drainage combined with hCG administration was effective in inducing ovulation, eliminating twin pregnancies and increasing the probability of pregnancy compared with the control group, even under heat stress conditions. The second study showed that the transfer of a single in vitro-produced embryp completely prevented twin pregnancies compared with artificial insemination. In the third study, supplementation with hCG at the end of a progesterone-based protocol significantly increased pregnancy rates in cows receiving in vitro-produced embryos compared with GnRH treatment. Finally, the fourth study demonstrated a relationship between body temperature, heat stress, follicular dynamics and fertility, higlighting lower vaginal and rectal temperatures in pregnant cows and suggesting the potential value of thermal measurements as reproductive indicators.</subfield>
   </datafield>
   <datafield ind1="8" ind2=" " tag="024">
      <subfield code="a">https://hdl.handle.net/10459.1/469655</subfield>
   </datafield>
   <datafield tag="653" ind2=" " ind1=" ">
      <subfield code="a">Punció fol·licular</subfield>
   </datafield>
   <datafield tag="653" ind2=" " ind1=" ">
      <subfield code="a">Transferència embrions</subfield>
   </datafield>
   <datafield tag="653" ind2=" " ind1=" ">
      <subfield code="a">Bessons</subfield>
   </datafield>
   <datafield tag="653" ind2=" " ind1=" ">
      <subfield code="a">Punción folicular</subfield>
   </datafield>
   <datafield tag="653" ind2=" " ind1=" ">
      <subfield code="a">Transferencia embriones</subfield>
   </datafield>
   <datafield tag="653" ind2=" " ind1=" ">
      <subfield code="a">Gemelos</subfield>
   </datafield>
   <datafield tag="653" ind2=" " ind1=" ">
      <subfield code="a">Follicular drainage</subfield>
   </datafield>
   <datafield tag="653" ind2=" " ind1=" ">
      <subfield code="a">Embryo transfer</subfield>
   </datafield>
   <datafield tag="653" ind2=" " ind1=" ">
      <subfield code="a">Twins</subfield>
   </datafield>
   <datafield tag="653" ind2=" " ind1=" ">
      <subfield code="a">Medicina i Cirurgia Animal</subfield>
   </datafield>
   <datafield tag="653" ind2=" " ind1=" ">
      <subfield code="a">619</subfield>
   </datafield>
   <datafield ind2="0" ind1="0" tag="245">
      <subfield code="a">Estrategias sostenibles para la mejora de la eficiencia reproductiva en vacas de leche de alta producción</subfield>
   </datafield>
</record></metadata></record></GetRecord></OAI-PMH>